[Event "Portugal Open 2020"]
[Site "Lisbon"]
[Date "2020.01.26"]
[Round "3.38"]
[White "Rego, Pedro Filipe"]
[Black "Hendrix, Joachim"]
[Result "0-1"]
[WhiteElo "2208"]
[BlackElo "1868"]
[Annotator "TA"]
[PlyCount "74"]
[EventDate "2020.01.25"]
[EventType "swiss"]
[EventCountry "POR"]
[SourceTitle "playchess.com"]
[Source "ChessBase"]
[SourceQuality "1"]

{[%evp 11,77,34,60,22,25,19,27,0,0,0,2,0,6,-1,0,0,16,10,31,0,6,-11,15,-4,-9,-18,33,24,24,-46,11,-58,-29,-36,-35,-83,-53,-99,-17,-13,-17,-124,-120,-117,-114,-359,-287,-339,-235,-602,-501,-1306,-1306,-1323,-912,-1433,-1387,-1269,-993,-1395,-1421,-29980,-29981,-29981,-29982,-29979,-29980,-29999]} 1. Nf3 g6 2. d4 Bg7 3. e4 d6 4. c3 Nf6 5. Bd3 O-O 6. O-O Nc6 7. Qe2 {B07: Pirc Defence: Miscellaneous Systems} (7. h3 e5 8. Re1 Nh5 9. Be3 h6 10. Nbd2 Qf6 11. d5 Ne7 12. c4 Nf4 13. Bf1 g5 14. c5 Neg6 15. Rc1 g4 16. hxg4 Bxg4 17. Qb3 {1-0 (29) Aronian,L (2775)-Piorun,K (2611) Moscow 2019}) 7... e5 8. h3 h6 9. dxe5 $146 {White has an edge.} ({Predecessor:} 9. Rd1 Nh5 10. g4 Nf4 11. Bxf4 exf4 12. Kh2 Qf6 13. Nbd2 Bd7 14. Rg1 Rae8 {½-½ (57) Boll,P-Kuijf,H (2320) Eindhoven 1982}) 9... Nxe5 10. Nxe5 dxe5 11. Bc4 Nh5 12. Be3 Nf4 13. Qf3 Ne6 14. Nd2 a5 15. Nb3 Qe7 16. a4 Kh7 17. Qe2 b6 18. Rfd1 Ng5 (18... Bd7 $11) 19. Bd5 Ba6 20. Qg4 (20. Bxg5 $11 hxg5 21. Bc4) 20... Rae8 (20... Rad8 $15) 21. h4 (21. Bxg5 $11 hxg5 22. Nd2) 21... Bc8 22. Qg3 Ne6 23. h5 gxh5 24. Bc6 Nf4 ({Black should try} 24... Rd8 $17 25. Kh1 Nf4 $1 {[%mdl 512]}) 25. Bxf4 $11 exf4 26. Qxf4 (26. Qh2 $1 $11 {remains equal.}) 26... Be5 $17 27. Qe3 {[#]} Qh4 $1 {[%cal Rh4h2]} 28. Bxe8 $2 (28. Nd4 $17 {might work better.} Qh2+ 29. Kf1) 28... Qh2+ $19 29. Kf1 {Threatens to win with Bd7.} Bf4 $40 {[%mdl 128] White is in trouble.} 30. Qd4 $2 (30. Qf3 Bg4 31. Rd3) 30... Rxe8 31. Rd3 (31. Ke2 $142 Bf5 32. Kd3 (32. Qf6 $2 Rxe4+ 33. Kd3 Re5+ 34. Kd4 Be6 $19) 32... Rxe4 33. Qxe4 Bxe4+ 34. Kxe4) 31... Qh1+ 32. Ke2 Qxg2 {( -> ...Bg4+)} 33. Re3 Bg4+ 34. Kd3 Qxf2 {[%mdl 64] Strongly threatening ...c5. Double Attack} 35. Rae1 Bg5 36. Qc4 Bxe3 {Black mates.} 37. Qxc7 {[#]} Bg5 {Played: Re8-d8} 0-1

[Event "Portugal Open 2020"]
[Site "Lisbon"]
[Date "2020.01.26"]
[Round "3.39"]
[White "Elias, Ruben Joel Monteiro"]
[Black "Poysti, Nathanael"]
[Result "0-1"]
[WhiteElo "1837"]
[BlackElo "2203"]
[Annotator "TA"]
[PlyCount "78"]
[EventDate "2020.01.25"]
[EventType "swiss"]
[EventCountry "POR"]
[SourceTitle "playchess.com"]
[Source "ChessBase"]
[SourceQuality "1"]

{[%evp 21,78,16,13,-1,9,0,0,0,0,0,0,-27,0,-35,-13,-57,-33,-119,-113,-105,-103,-116,-110,-115,-113,-100,-118,-106,-131,-226,-218,-475,-487,-488,-485,-475,-254,-299,-306,-303,-268,-735,-294,-460,-462,-487,-454,-904,-876,-1935,-1925,-1742,-1807,-1610,-1597,-2137,-2125,-29984,-29979]} 1. e4 c5 2. Nf3 d6 3. d4 cxd4 4. Nxd4 Nf6 5. Nc3 a6 6. Be2 e5 7. Nb3 Be7 8. O-O O-O 9. Be3 Be6 10. Qd2 Nbd7 11. a4 Rc8 12. f3 {B92: Sicilian Najdorf: 6 Be2} h5 13. Rfd1 Qc7 14. Qe1 {The position is equal.} Rfd8 {[#]} 15. Qg3 $146 ({Predecessor:} 15. Bf1 Nc5 16. Nd5 Nxd5 17. exd5 Bf5 18. Rdc1 Bf6 {½-½ (34) Lastin,A (2622)-Zakhartsov,V (2580) Voronezh 2008}) 15... Nf8 16. a5 Qc6 17. Bb6 Re8 18. Kh1 Ng6 19. Nc1 ({White should try} 19. Qf2 $15) 19... d5 $17 20. exd5 Nxd5 21. Nxd5 Bxd5 22. Qe1 h4 {And now ...h3 would win.} 23. Qd2 Be6 24. Bd3 f5 25. Ne2 {[#]} (25. h3 $17 {was called for.}) 25... h3 $1 $19 {[%cal Rh3g2][%mdl 512]} 26. Ng3 $2 (26. Ng1 {was necessary.} hxg2+ 27. Qxg2) (26. gxh3 Qxf3+) 26... hxg2+ 27. Qxg2 Nh4 28. Qf2 g6 (28... Nxf3 $142 29. Qg2 e4) 29. Rf1 Bd5 {[%cal Rd5f3]} 30. Be2 Qxc2 31. Rac1 $2 (31. Rad1 Qc6 32. Rd3) 31... Qb3 (31... Qxc1 $142 32. Rxc1 Rxc1+ 33. Nf1 f4) 32. Rxc8 (32. Bd1 $142 Qb4 33. Be2) 32... Rxc8 33. Bd1 Qb4 34. Re1 (34. Be3 $142) 34... Rc1 35. Rg1 {[#]} Rxd1 $1 {[%mdl 576] Remove Defender, Decoy} 36. Rxd1 Bxf3+ {[%mdl 64] Double Attack} 37. Kg1 Bxd1 38. Nf1 Qg4+ 39. Ng3 f4 {[%mdl 64] Pin. Accuracy: White = 12%, Black = 62%.} 0-1

[Event "Portugal Open 2020"]
[Site "Lisbon"]
[Date "2020.01.26"]
[Round "3.40"]
[White "Jaracz, Barbara"]
[Black "Van Ginkel, Henk"]
[Result "1-0"]
[WhiteElo "2200"]
[BlackElo "1855"]
[Annotator "TA"]
[PlyCount "95"]
[EventDate "2020.01.25"]
[EventType "swiss"]
[EventCountry "POR"]
[SourceTitle "playchess.com"]
[Source "ChessBase"]
[SourceQuality "1"]

{[%evp 9,95,13,37,17,13,15,22,22,38,22,21,25,39,11,15,3,17,34,53,42,56,31,46,37,58,49,76,47,51,55,58,48,78,53,93,61,70,60,84,68,68,66,64,66,79,72,87,83,120,80,81,81,75,81,140,83,209,211,196,204,200,213,989,845,1007,991,892,874,818,718,29979,29980,29982,6303,29978,29973,1560,491,474,454,397,385,29990,29991,29991,29992,29992,29992]} 1. e4 d6 2. d4 Nf6 3. Nc3 g6 4. Nf3 Bg7 5. Bc4 Nxe4 {[%mdl 64] Remove Defender, Decoy} 6. Nxe4 {B08: Pirc Defence: Classical System} (6. Bxf7+ {is interesting.} Kxf7 7. Nxe4 Rf8 8. h4 Kg8 9. h5) 6... d5 7. Bd3 {aiming for Nc3.} dxe4 8. Bxe4 {The position is equal.} c6 (8... c5 9. dxc5 Qa5+ 10. c3 Qxc5 11. O-O O-O 12. Be3 Qc7 {1-0 (41) Sebag,M (2496)-Fressinet,L (2702) Cap d'Agde 2015}) 9. c3 O-O 10. h3 Qc7 11. Be3 Nd7 12. O-O $36 {[%mdl 2048] White fights for an advantage.} Nf6 13. Bc2 Nd5 $146 ({Predecessor:} 13... Bf5 14. Bxf5 gxf5 15. Qc1 Nd5 16. Bh6 Qd6 17. Bxg7 Kxg7 18. c4 Nf4 19. Nh4 {0-1 (18) Sancho Cortes,M-Tejero Lamana,S Aragon 1992}) 14. Bg5 Be6 15. Qd2 Rad8 16. Rad1 b5 17. Rfe1 Rfe8 18. Bh6 Qc8 19. Bxg7 Kxg7 20. b3 Bf5 21. c4 Nf6 22. Ne5 {And now Bxf5 would win.} Bxc2 23. Qxc2 b4 24. Qe2 (24. Qd2 {seems wilder.} a5 25. Qf4 Rd6 26. Rd3 Rf8 27. g4) 24... Nd7 25. d5 (25. Nxf7 Kxf7 26. Qe6+ Kg7 $17) 25... Nxe5 26. Qxe5+ f6 27. Qe4 c5 28. Qf4 Qa6 29. Qc7 Qd6 30. Qxa7 Ra8 31. Qb7 Rxa2 (31... Rab8 $142 32. Qc6 Rbc8 33. Qxd6 exd6) 32. g3 (32. Re6 $142 Qf4 33. Rxe7+ {[%mdl 64] Double Attack} Kh6 34. Rf1 (34. Rxh7+ Kg5 $15) 34... Rxe7 35. Qxe7) 32... Kf7 (32... Kf8 $16) 33. Re6 $18 Rb8 {[#]} 34. Rxe7+ $1 {[%mdl 576] Deflection} Qxe7 35. Qxb8 {[%mdl 4096] Endgame KQR-KQR} Re2 $2 (35... g5 36. d6 Qe2) 36. d6 Re1+ {[#]} 37. Rxe1 $1 ({And not} 37. Kh2 Qe2 $11) 37... Qxe1+ {KQ-KQ} 38. Kg2 Qe4+ 39. Kh2 {Strongly threatening Qc7+.} Qd4 40. Qc7+ Kg8 41. Kg1 (41. Qd8+ $142 Kg7 42. Qe7+ Kg8 43. Kg2 Qa1 44. Qe8+ Kg7 45. d7 Qe5 46. d8=Q Qxe8 47. Qxe8) 41... Qe5 42. Qc8+ Kf7 43. d7 (43. Qb7+ $142 Kf8 44. d7 Qa1+ 45. Kg2) 43... Qe1+ 44. Kg2 Qe4+ 45. Kh2 Qf5 $2 (45... Qe1 $18 46. Qxc5 (46. d8=Q Qxf2+ 47. Kh1 Qf1+ 48. Kh2 Qf2+ 49. Kh1 Qf1+ 50. Kh2 Qf2+ $11) 46... Qd2) 46. Qe8+ {White mates.} Kg7 47. Qe7+ Kh6 48. Qe3+ {Accuracy: White = 52%, Black = 29%.} 1-0

[Event "Portugal Open 2020"]
[Site "Lisbon"]
[Date "2020.01.26"]
[Round "3.41"]
[White "Pourquet, Matthieu"]
[Black "Tieres, Cristiano"]
[Result "0-1"]
[WhiteElo "2198"]
[BlackElo "1852"]
[Annotator "TA"]
[PlyCount "78"]
[EventDate "2020.01.25"]
[EventType "swiss"]
[EventCountry "POR"]
[SourceTitle "playchess.com"]
[Source "ChessBase"]
[SourceQuality "1"]

{[%evp 14,78,57,22,25,30,26,17,37,32,21,25,96,75,111,94,148,133,136,93,159,91,123,133,143,132,223,209,274,273,261,228,247,162,165,131,236,70,358,376,833,811,1283,1189,1149,1099,1700,831,788,812,764,843,812,777,769,738,1186,703,672,672,552,176,126,0,0,-1213,-1160]} 1. Nf3 Nf6 2. c4 g6 3. g3 Bg7 4. Bg2 O-O 5. d4 d6 6. O-O a6 7. Nc3 Nc6 8. Bf4 Rb8 {E63: King's Indian: Fianchetto: Panno Variation with 7...a6} 9. Rc1 Bd7 (9... h6 10. d5 e5 11. Bd2 Nd4 12. Ne1 c5 13. dxc6 bxc6 14. e3 Nf5 15. Bxc6 Rxb2 16. Nd3 {0-1 (39) Jumabayev,R (2633)-Chigaev,M (2640) Riga 2019}) 10. a3 b5 {The position is equal.} 11. cxb5 axb5 12. b4 Na7 (12... Ng4 $11 {remains equal.}) 13. e4 $16 Bg4 $146 ({Predecessor:} 13... Nc8 14. Re1 Nb6 15. Bf1 c6 16. e5 {1-0 (31) Magalashvili,D (2508)-Lomsadze,D (2348) Batumi 2018}) 14. h3 Bxf3 (14... Bc8 $142) 15. Qxf3 Nd7 16. Rfd1 Nb6 (16... c6 $142) 17. Qe2 (17. e5 $142) 17... Qd7 18. h4 e6 19. h5 Rfc8 (19... c6 $16 20. h6 Bh8) 20. Bh3 $18 f5 21. h6 Bf6 22. e5 Bh8 23. g4 Re8 24. Kh2 Qe7 (24... Ra8 $16 25. Bg2 d5) 25. Rg1 $2 (25. exd6 $18 cxd6 26. gxf5) 25... Kf7 $2 {[%mdl 8192]} (25... dxe5 $14 26. dxe5 c6) 26. Qf3 (26. Nxb5 $2 Nxb5 27. gxf5 (27. Qxb5 $2 Nd5 $19) 27... gxf5 $19) 26... Rg8 $2 (26... fxg4 27. Bxg4 Kg8) 27. gxf5 exf5 28. exd6 cxd6 29. Rge1 Qb7 {[#]} 30. Qe2 (30. Ne4 $142 $1 {[%mdl 512]} Qd7 (30... fxe4 31. Rxe4) 31. Ng5+ Kf8 32. Ne6+ Kf7 33. Rc7 Qxc7 34. Nxc7) 30... Rge8 31. Qa2+ Nc4 32. Bg2 Qb6 {[#]} 33. Nxb5 $1 {[%mdl 512]} Nxb5 34. Qxc4+ Kf6 35. a4 g5 36. Bxg5+ {[%mdl 64] Clearance} Kxg5 {[#]} 37. Rxe8 $2 (37. axb5 Qxd4 38. Rxe8 Rxe8 $16) (37. f4+ $1 {[%mdl 512]} Kxf4 38. Qd3 (38. axb5 Qxd4 39. Rxe8 Rxe8 $16)) 37... Rxe8 38. Qf7 ({Don't take} 38. Qxb5 Qxb5 39. axb5 Bxd4 $14) (38. Bc6 $16 d5 39. Rg1+ (39. Qxb5 Qxd4 40. Qxd5 Qxf2+ 41. Qg2+ Qxg2+ 42. Kxg2 Re2+ 43. Kf3 Ra2 $16) (39. Qxd5 Qb8+ 40. Kg2 Re4 $16) 39... Kf6 40. Qxd5 (40. Qxb5 Qxd4 41. Bxe8 Qh4+ {[%mdl 64] Double Attack} 42. Kg2 Qg4+ 43. Kh2 Qh4+ {[%mdl 64] Double Attack} 44. Kg2 Qg4+ 45. Kf1 Qd1+ 46. Kg2 Qg4+ $11) 40... Qxd4 41. Qxd4+ Nxd4 42. Bxe8 Nf3+ 43. Kh1 Nxg1 44. Kxg1) 38... Qxd4 $11 {[%mdl 64] Double Attack} 39. Rc4 $2 {[%mdl 8192] [#]} (39. Qxe8 $11 Qf4+ {[%mdl 64] Double Attack} 40. Kg1 Qxc1+ 41. Bf1) 39... Qxf2 $1 {[%mdl 512] Accuracy: White = 51%, Black = 29%.} 0-1

[Event "Portugal Open 2020"]
[Site "Lisbon"]
[Date "2020.01.26"]
[Round "3.42"]
[White "Bartolo, Filipe Diogo Correia"]
[Black "Hulshof, Peter"]
[Result "0-1"]
[WhiteElo "1819"]
[BlackElo "2192"]
[Annotator "TA"]
[PlyCount "48"]
[EventDate "2020.01.25"]
[EventType "swiss"]
[EventCountry "POR"]
[SourceTitle "playchess.com"]
[Source "ChessBase"]
[SourceQuality "1"]

{[%evp 15,56,8,2,-26,-23,-52,-52,-126,-122,-199,-198,-198,-184,-257,-264,-384,-388,-411,-322,-348,-347,-412,-352,-362,-353,-359,-368,-381,-381,-324,-309,-665,-660,-559,-529,-592,-559,-999,-996,-2183,-2147,-1680,-953]} 1. g3 g6 2. Bg2 Bg7 3. e4 d6 4. d3 c5 5. Nd2 Nc6 6. c3 Nf6 7. Ngf3 Qc7 8. O-O O-O 9. h4 $146 {A05: Réti Opening: 1 Nf3 Nf6} ({Predecessor:} 9. Re1 e5 10. Nf1 Be6 11. Bg5 Qd7 12. Ne3 h6 13. Bxf6 Bxf6 14. a4 Bg7 15. Nh4 Rab8 16. f4 exf4 17. gxf4 {1-0 (48) Johansson,K (2457)-Lins,T (2449) ICCF email 2014}) 9... Rb8 10. Nh2 b5 {[%cal Bb7b5,Bb5b4][%mdl 32]} 11. f4 {[#]} ({White should play} 11. Re1 $15) 11... b4 $1 $17 12. c4 {[#]} (12. Nb1 $17) 12... Nh5 $1 $19 13. Rf3 Nd4 14. Re3 (14. g4 {was necessary.} Nxf3+ 15. Ndxf3) 14... f5 15. Ndf1 (15. Nb3 $142) 15... e5 16. exf5 Nxf5 17. Bd5+ Kh8 18. Rf3 Nd4 19. Rf2 exf4 20. Bxf4 Nxf4 21. Rxf4 Rxf4 22. gxf4 Bb7 23. Nf3 $2 (23. Ne3) 23... Bxd5 {Black is clearly winning.} 24. cxd5 Rf8 {Played: Qc7-f7} 0-1

[Event "Portugal Open 2020"]
[Site "Lisbon"]
[Date "2020.01.26"]
[Round "3.43"]
[White "Reis, Luis Sousa"]
[Black "Taylor, Robert M"]
[Result "*"]
[WhiteElo "2187"]
[BlackElo "2188"]
[Annotator "TA"]
[PlyCount "26"]
[EventDate "2020.01.25"]
[EventType "swiss"]
[EventCountry "POR"]
[SourceTitle "playchess.com"]
[Source "ChessBase"]
[SourceQuality "1"]

{[%evp 1,1,15]} 1. e4 {Predecessor:} d5 $146 2. exd5 Qxd5 3. Nc3 Qd6 4. d4 Nf6 5. Nf3 c6 6. h3 g6 7. Ne5 Nbd7 8. Nc4 Qc7 9. Be2 Bg7 10. O-O b5 11. Nd2 O-O 12. Bf3 Bb7 13. Nde4 Rad8 {½-½ (50) Vachier Lagrave,M (2780)-Carlsen,M (2872) Moscow 2019} *

[Event "Portugal Open 2020"]
[Site "Lisbon"]
[Date "2020.01.27"]
[Round "4.1"]
[White "Martin Duque, Jesus"]
[Black "Alekseev, Evgeny"]
[Result "0-1"]
[WhiteElo "2447"]
[BlackElo "2623"]
[Annotator "TA"]
[PlyCount "108"]
[EventDate "2020.01.25"]
[EventType "swiss"]
[EventCountry "POR"]
[SourceTitle "playchess.com"]
[Source "ChessBase"]
[SourceQuality "1"]

{[%evp 12,108,22,15,20,20,13,18,29,13,17,20,11,32,29,36,45,35,33,29,28,19,29,27,31,26,34,50,52,53,58,56,54,45,62,50,56,41,34,49,90,-32,-22,-44,-32,-81,-85,-62,-62,-98,-92,-193,-151,-201,-215,-190,-188,-221,-220,-299,-273,-293,-288,-302,-294,-289,-270,-314,-293,-293,-318,-410,-413,-397,-392,-401,-312,-365,-320,-348,-343,-396,-390,-461,-468,-518,-511,-594,-595,-569,-570,-567,-544,-515,-523,-680,-594,-1269,-1252]} 1. e4 c5 2. Nf3 Nc6 3. Bb5 g6 4. Bxc6 dxc6 5. h3 Bg7 6. d3 Nf6 7. Nc3 Nd7 {B31: Sicilian: 2...Nc6 3 Bb5 g6} 8. Be3 b6 (8... e5 9. Qd2 h6 10. Nh2 b6 11. O-O Nf8 12. f4 exf4 13. Bxf4 Ne6 14. Bg3 Qg5 15. Qe1 Nd4 16. Qf2 O-O 17. Bd6 Bxh3 {½-½ (55) Amin,B (2707)-Wang,H (2737) Danzhou 2019}) 9. Qd2 h6 {The position is equal.} 10. O-O-O e5 11. Nh2 Qe7 12. Rhe1 $146 ({Predecessor:} 12. f4 exf4 13. Bxf4 Ne5 14. Nf3 Nxf3 15. gxf3 Be6 16. h4 O-O-O 17. Be3 {0-1 (43) Chehlov,A (2285)-Lukin,A (2475) St Petersburg 1997}) 12... Nf8 13. f4 exf4 14. Bxf4 Ne6 15. Bg3 Qg5 16. Qxg5 Nxg5 17. Nf1 O-O 18. Ne3 Ne6 19. e5 Ng5 20. Nc4 Be6 21. Nd6 Rad8 22. Rd2 Rd7 23. Rf2 Rfd8 24. h4 Nh7 25. Nce4 Bf8 26. Ref1 (26. h5 $16) 26... f5 $15 27. Nc3 Nf6 $1 28. exf6 Bxd6 29. Bxd6 Rxd6 30. h5 {[#]} g5 $1 31. Ne2 {[#]} (31. b3 $17 {is a better defense.}) 31... c4 $1 $19 32. dxc4 Bxc4 33. b3 Ba6 34. c4 Bc8 ({Less strong is} 34... Rxf6 35. Rxf5 Rxf5 36. Rxf5 $15) 35. Ng3 f4 36. Ne4 Rd4 37. Nd2 Kf7 38. Re1 Kxf6 39. g3 Bf5 40. gxf4 Rxf4 ({Weaker is} 40... gxf4 41. Ref1 $17) 41. Rfe2 g4 42. Nf1 Rf3 43. Ne3 Bc8 44. Rg1 Rd4 45. Nc2 Rdf4 46. Re8 Be6 47. Re1 Bf7 {Black is clearly winning.} 48. Rc8 Rf1 {And now ...g3 would win.} 49. Rxc6+ Kg5 {White must now prevent ...g3.} 50. Kd2 g3 {Strongly threatening ...g2.} 51. Re5+ Rf5 52. Rxf5+ Rxf5 53. Ne3 Rf2+ 54. Ke1 Bxh5 {Accuracy: White = 35%, Black = 83%.} 0-1

[Event "Portugal Open 2020"]
[Site "Lisbon"]
[Date "2020.01.27"]
[Round "4.2"]
[White "Indjic, Aleksandar"]
[Black "Stachowiak, Kamil"]
[Result "1/2-1/2"]
[WhiteElo "2622"]
[BlackElo "2446"]
[Annotator "TA"]
[PlyCount "90"]
[EventDate "2020.01.25"]
[EventType "swiss"]
[EventCountry "POR"]
[SourceTitle "playchess.com"]
[Source "ChessBase"]
[SourceQuality "1"]

{[%evp 9,90,-8,-4,-24,-25,-20,-25,-24,-15,-52,0,6,6,13,12,-5,0,0,23,24,20,-24,14,0,28,13,10,3,0,0,7,0,15,-10,-12,-20,-12,-10,-5,-21,0,0,9,0,45,0,17,-26,-25,-24,-23,-28,-25,-39,-19,-107,-104,-115,-115,-116,-114,-117,-117,-117,-85,-132,0,0,0,0,0,0,0,0,0,0,0,-7,-7,-7,0,0,0]} 1. c4 Nf6 2. d3 g6 (2... e6 3. Nf3 d5 4. Nbd2 c5 5. g3 Nc6 6. Bg2 Be7 7. O-O O-O 8. b3 d4 9. Ne1 e5 10. e4 dxe3 11. fxe3 Bg4 12. Qc2 Be2 13. Rf2 Bh5 14. Ne4 Ng4 15. Rf1 f5 16. Nf2 {0-1 (47) Gabuzyan,H (2616)-Sethuraman,S (2634) Saint Louis 2019}) 3. e4 d6 4. h4 $146 ({Predecessor:} 4. Nc3 Bg7 5. Nf3 c5 6. Be2 Nc6 7. O-O O-O 8. a3 Bg4 9. Rb1 Bxf3 10. Bxf3 Nd7 11. Bd2 Nde5 12. Be2 Nd4 13. f4 Nec6 14. b4 {0-1 (67) Samu,S (2003)-Terletsky,O (2322) Satu Mare 2019}) 4... h5 5. Nc3 c5 6. Bg5 {A15: English Opening: 1...Nf6} Bg7 7. g3 Nc6 8. Bg2 {Black has an edge.} Nd4 9. Nce2 Nxe2 (9... Ng4 $15) 10. Nxe2 $11 Rb8 11. O-O O-O 12. d4 cxd4 13. Nxd4 Bd7 14. Qd2 Ng4 15. Rac1 Re8 (15... Qb6 $5 {[%cal Rg7d4]} 16. Nb5 Bxb5 17. cxb5 Rfc8 $11) 16. Rfd1 Rc8 17. b3 a6 18. Nf3 Bc6 19. Nh2 Nf6 20. Qe1 Qc7 21. c5 dxc5 22. Rxc5 Rcd8 23. Rxd8 Rxd8 24. Rc2 Nh7 25. Bf4 e5 26. Bd2 Nf8 27. Nf3 (27. Ba5 $5 {[%cal Ra5c7]} b6 28. Qc1 bxa5 29. Rxc6 {[%mdl 64] Double Attack} Rd1+ 30. Qxd1 Qxc6 31. Nf1 $11) 27... Ne6 28. Bh3 (28. Ba5 $5 {[%cal Ra5c7]} b6 29. Qc1 $11) 28... Nd4 29. Nxd4 exd4 30. Bg2 d3 $36 {[%mdl 2048] Black has some pressure.} 31. Rc4 Qe5 32. Qc1 (32. Ba5 $11 {remains equal.} Re8 33. Bc3) 32... Rd4 $17 33. Rc5 Qe7 34. e5 Bxg2 35. Kxg2 Bxe5 36. Rc8+ Kh7 37. Qe1 {[#] Threatens to win with Qe3!} Rd7 (37... b5 $17 {...Qb7+ is the strong threat.} 38. Kg1 Qe6) 38. Qe3 $11 {[%csl Gd2][%cal Re3h6] The position is equal.} Bg7 39. Qxe7 Rxe7 {[%mdl 4096] Endgame KRB-KRB} 40. Rd8 Re2 41. Rxd3 Bh6 42. Bc3 Bg7 43. Rd2 Rxd2 44. Bxd2 f5 45. Kf3 Kg8 {Accuracy: White = 39%, Black = 62%.} 1/2-1/2

[Event "Portugal Open 2020"]
[Site "Lisbon"]
[Date "2020.01.27"]
[Round "4.3"]
[White "Iturrizaga Bonelli, Eduardo"]
[Black "Sousa, Andre Ventura"]
[Result "1-0"]
[WhiteElo "2597"]
[BlackElo "2391"]
[Annotator "TA"]
[PlyCount "93"]
[EventDate "2020.01.25"]
[EventType "swiss"]
[EventCountry "POR"]
[SourceTitle "playchess.com"]
[Source "ChessBase"]
[SourceQuality "1"]

{[%evp 23,93,21,16,18,18,18,25,20,25,23,27,14,79,68,91,91,98,97,111,111,106,105,97,100,108,77,68,62,94,83,87,87,87,79,79,79,102,93,152,92,106,111,107,106,122,129,272,144,146,130,130,130,197,196,189,177,178,189,1003,988,975,963,926,478,918,810,741,528,432,425,4133,2113]} 1. c4 e6 2. g3 Nf6 3. Bg2 d5 4. d4 Be7 5. Nf3 O-O 6. O-O dxc4 7. Qc2 a6 8. a4 Bd7 9. Qxc4 Bc6 10. Bg5 Bd5 11. Qc2 Be4 12. Qc1 h6 13. Bxf6 {E05: Open Catalan: 5 Nf3 Be7} Bxf6 14. Rd1 Nc6 (14... a5 15. Nbd2 Bxf3 16. Bxf3 c6 17. e3 Na6 18. h4 g6 19. h5 g5 20. Qc4 Qe7 {1-0 (41) Giri,A (2776)-Vidit,S (2722) Kolkata 2019}) 15. Nbd2 {[%cal Bb1d2,Bd2b3,Bb3c5][%mdl 32] White has an edge.} Bg6 16. Nb3 Qd6 $146 ({Predecessor:} 16... Be7 17. Ne5 Nxe5 18. dxe5 Qc8 19. Nc5 Ra7 20. a5 Bh5 {1-0 (35) Howell,D (2644)-Debashis,D (2472) Doha 2016}) 17. e3 Rab8 (17... Nb4 $1 $11 {remains equal.}) 18. Nc5 $16 Nb4 {White should prevent ...b6.} 19. Ne5 Bc2 20. Nc4 ({But not} 20. Nxb7 Rxb7 21. Bxb7 (21. Nc4 Qe7 $15) 21... Bxd1 $11) 20... Qe7 {[#]} 21. Rd2 $1 {[%cal Rd2c2]} b6 {[#]} 22. Nxa6 $1 {[%mdl 512]} Nxa6 23. Qxc2 c5 24. dxc5 Qxc5 25. Nd6 $36 {[%mdl 2048] White is more active.} Qb4 26. Rad1 Nc5 27. Ne4 Nxe4 28. Qxe4 Qb3 29. Bf1 Rfc8 30. Bb5 Rc5 ({Black should play} 30... h5) 31. Kg2 (31. Bd3 $142 g6 32. Qf4) 31... Rbc8 32. Qb7 Qb4 33. Qxb6 Qe4+ 34. Kg1 Rc1 (34... Qb4 $16 35. Qb7 R5c7) 35. Qd6 ({White should try} 35. a5 $18) 35... g6 36. Rxc1 Rxc1+ 37. Rd1 Qb1 (37... Rxd1+ $16 {was necessary.} 38. Qxd1 Qb4) 38. Rxc1 $18 Qxc1+ {[#]} 39. Bf1 $1 Qxb2 40. a5 {[%cal Ba4a5,Ba5a6,Ba6a7][%mdl 32] Black must now prevent a6.} Bc3 $2 (40... Qb7 41. a6 Qa7) 41. a6 {White is clearly winning.} Be1 42. Qf4 Qa2 43. Qf3 h5 (43... Kg7 $142 44. Bc4 {[%mdl 64] Promotion} Qxc4) 44. Qe2 Qa1 45. Kg2 Qa5 {[#]} 46. a7 $1 {[%mdl 512]} Bxf2 (46... Qxa7 $142 47. Qxe1 Qb7+ 48. e4 Qb2) 47. Qa6 {Accuracy: White = 63%, Black = 31%.} 1-0

[Event "Portugal Open 2020"]
[Site "Lisbon"]
[Date "2020.01.27"]
[Round "4.4"]
[White "Butkiewicz, Lukasz"]
[Black "Petrov, Nikita"]
[Result "1/2-1/2"]
[WhiteElo "2416"]
[BlackElo "2592"]
[Annotator "TA"]
[PlyCount "34"]
[EventDate "2020.01.25"]
[EventType "swiss"]
[EventCountry "POR"]
[SourceTitle "playchess.com"]
[Source "ChessBase"]
[SourceQuality "1"]

{[%evp 20,34,42,0,0,0,25,0,0,0,0,0,0,0,0,0,6]} 1. d4 Nf6 2. c4 g6 3. Nc3 Bg7 4. Nf3 O-O 5. g3 d5 6. cxd5 Nxd5 7. Bg2 Nxc3 8. bxc3 c5 9. O-O Nc6 10. Be3 Qa5 11. Qb3 (11. d5 $5 {[%cal Rd5c6]} Ne5 12. Nxe5 Bxe5 13. Rc1 $11) 11... Be6 {D75: Fianchetto Grünfeld: Main Line with 7...c5} (11... Qa6 12. dxc5 Qxe2 13. Nd4 Qa6 14. a4 Nd8 15. Qb5 Qf6 16. c6 e5 17. c7 a6 18. cxd8=Q Qxd8 19. Qb4 exd4 20. cxd4 {½-½ (29) Eingorn,V (2518)-Sodol,G (2352) Odessa 2018}) 12. Qxb7 Rfc8 {[#] aiming for ...Rab8.} 13. Ne5 Nxe5 {The position is equal.} 14. dxe5 Rab8 15. Qxe7 Bxe5 16. Rad1 $146 ({Predecessor:} 16. Rfd1 Bxc3 17. Rac1 Bd4 18. Bf4 Re8 19. Qh4 {0-1 (45) Joachim,S-Mann,C Germany 1988}) 16... Bxc3 17. Bd5 Bxd5 1/2-1/2